[Event "Gran Canaria-ch U12 Girls"]
[Site "Gran Canaria"]
[Date "2013.03.09"]
[Round "6.1"]
[White "Rodriguez Ramirez, Leticia"]
[Black "Abderrahaman, Nadia"]
[Result "1-0"]
[WhiteElo "1200"]
[BlackElo "1200"]
[PlyCount "87"]
[EventDate "2013.03.08"]
[EventType "tourn"]
[EventRounds "7"]
[EventCountry "ESP"]
[SourceTitle "EXT 2024"]
[Source "ChessBase"]
[SourceDate "2023.10.10"]
[SourceVersion "1"]
[SourceVersionDate "2023.10.10"]
[SourceQuality "1"]

1. e4 d5 2. Nc3 d4 3. Nd5 e6 4. Nb4 Bxb4 5. Nf3 Bc5 6. Bb5+ Nc6 7. d3 a6 8. Bg5 Nf6 9. Ba4 b5 10. Bb3 Na5 11. Bd5 exd5 12. exd5 Qe7+ 13. Kf1 h6 14. Bf4 Nxd5 15. Be5 Nf6 16. Qd2 b4 17. Qe2 Nc6 18. Bxf6 gxf6 19. Re1 Be6 20. h3 Bb6 21. b3 Rg8 22. c4 bxc3 23. Qe4 Ne5 24. Qxa8+ Kd7 25. Qxg8 Nxd3 26. Rd1 Nb2 27. Rc1 Bc5 28. a4 Ba3 29. Re1 Nd3 30. Re4 c2 31. Ke2 Ne5 32. Nxe5+ fxe5 33. Qh8 Bd5 34. Rxe5 Be6 35. Qxh6 c1Q 36. Rxc1 Bxc1 37. Qxc1 f6 38. Rc5 Ke8 39. Rxc7 Qb4 40. Qc6+ Kd8 41. Rh7 Qf8 42. Qc7+ Ke8 43. Qb8+ Bc8 44. Qxc8# 1-0

[Event "Gran Canaria-ch U12 Girls"]
[Site "Gran Canaria"]
[Date "2013.03.09"]
[Round "4.1"]
[White "Rodriguez Ramirez, Leticia"]
[Black "Garcia Almeida, Aitana Maria"]
[Result "1-0"]
[WhiteElo "1200"]
[BlackElo "1200"]
[PlyCount "81"]
[EventDate "2013.03.08"]
[EventType "tourn"]
[EventRounds "7"]
[EventCountry "ESP"]
[SourceTitle "EXT 2024"]
[Source "ChessBase"]
[SourceDate "2023.10.10"]
[SourceVersion "1"]
[SourceVersionDate "2023.10.10"]
[SourceQuality "1"]

1. e4 e5 2. Nf3 Nc6 3. Nc3 Bc5 4. Bc4 Nf6 5. Ng5 0-0 6. Nxf7 Rxf7 7. Bxf7+ Kxf7 8. 0-0 d6 9. d3 Bg4 10. Qe1 Nd4 11. Qd2 b5 12. Nd5 Nxd5 13. exd5 Be2 14. Re1 h6 15. c3 Nf3+ 16. gxf3 Bxf3 17. d4 exd4 18. cxd4 Bxd4 19. Qxd4 c5 20. Qf4+ Qf6 21. Qe3 Qh4 22. Qxf3+ Kg8 23. b3 Rf8 24. Qe3 Qg4+ 25. Kh1 c4 26. Rg1 Qf5 27. Qe7 Rf7 28. Qxd6 Qxf2 29. Ba3 Qf3+ 30. Rg2 Rf5 31. Qd8+ Kh7 32. d6 Rg5 33. Rag1 h5 34. Qxg5 a5 35. d7 h4 36. Qxh4+ Kg8 37. d8Q+ Kf7 38. Qd6 cxb3 39. axb3 Qxb3 40. Qde7+ Kg8 41. Qxg7# 1-0

[Event "Gran Canaria-ch U12 Girls"]
[Site "Gran Canaria"]
[Date "2013.03.09"]
[Round "5.1"]
[White "Sosa Suarez, Carla Cristina"]
[Black "Rodriguez Ramirez, Leticia"]
[Result "1-0"]
[WhiteElo "1200"]
[BlackElo "1200"]
[PlyCount "43"]
[EventDate "2013.03.08"]
[EventType "tourn"]
[EventRounds "7"]
[EventCountry "ESP"]
[SourceTitle "EXT 2024"]
[Source "ChessBase"]
[SourceDate "2023.10.10"]
[SourceVersion "1"]
[SourceVersionDate "2023.10.10"]
[SourceQuality "1"]

1. e4 e5 2. Nf3 Nc6 3. Bc4 Nf6 4. Nc3 Bc5 5. 0-0 Ng4 6. Qe2 0-0 7. h3 Nxf2 8. Rxf2 Bxf2+ 9. Qxf2 d6 10. d3 Nd4 11. Ng5 Qxg5 12. Bxg5 c6 13. Rd1 b5 14. Bb3 Nxb3 15. axb3 b4 16. Ne2 d5 17. Qg3 dxe4 18. Bh6 g6 19. Qxe5 f6 20. Qe7 Rf7 21. Qe8+ Rf8 22. Qxf8# 1-0

[Event "Gran Canaria-ch U12 Girls"]
[Site "Gran Canaria"]
[Date "2013.03.08"]
[Round "1.1"]
[White "Rivero Pena, Gara del Pino"]
[Black "Rodriguez Ramirez, Leticia"]
[Result "1-0"]
[WhiteElo "1283"]
[BlackElo "1200"]
[PlyCount "71"]
[EventDate "2013.03.08"]
[EventType "tourn"]
[EventRounds "7"]
[EventCountry "ESP"]
[SourceTitle "EXT 2024"]
[Source "ChessBase"]
[SourceDate "2023.10.10"]
[SourceVersion "1"]
[SourceVersionDate "2023.10.10"]
[SourceQuality "1"]

1. e4 e5 2. Nf3 Nc6 3. Bc4 Nf6 4. Ng5 Qe7 5. Nc3 d6 6. Nf3 Bd7 7. d3 Ng4 8. Bg5 f6 9. Bh4 0-0-0 10. 0-0 f5 11. Bxe7 Bxe7 12. Qe2 fxe4 13. dxe4 Nb4 14. Rad1 d5 15. exd5 Bc5 16. Ne4 Bxf2+ 17. Nxf2 Nxf2 18. Rxf2 a6 19. Qxe5 Rhe8 20. Qxg7 Nxc2 21. Rxc2 Bf5 22. Re2 Rxe2 23. Bxe2 Bc2 24. Re1 Rxd5 25. Qg8+ Rd8 26. Qc4 Bf5 27. Rd1 b5 28. Rxd8+ Kxd8 29. Qd5+ Bd7 30. g4 c6 31. Qd6 a5 32. g5 a4 33. h4 Ke8 34. h5 Bg4 35. Nd4 Bxh5 36. Bxh5# 1-0